[Event "1 Bundesliga 2007/2008"]
[Site "Graz"]
[Date "2008.01.11"]
[Round "5"]
[Board "1"]
[White "Markos, Jan"]
[Black "Lanka, Zigurds"]
[Result "1-0"]
[WhiteElo "2565"]
[BlackElo "2475"]
[PlyCount "75"]
[EventDate "2007.11.30"]
[EventType "team"]
[EventRounds "11"]
[EventCountry "AUT"]
[WhiteTeam "ASVOe Pamhagen"]
[BlackTeam "Mayrhofen/Zillertal"]

1.d4 Nf6 2.c4 g6 3.Nc3 Bg7 4.e4 d6 5.Nf3 O-O 6.h3 e5 7.d5 a5 8.Bg5 Na6 9.Nd2 c6
10.Be2 Bd7 11.O-O Kh8 12.a3 Qb8 13.Rb1 cxd5 14.cxd5 Nc5 15.b4 axb4 16.axb4 Na4
17.Qb3 Nxc3 18.Qxc3 Ng8 19.b5 f5 20.Nc4 Ra2 21.Nb6 Be8 22.Qc4 Ra7 23.Rfc1 h6
24.Be3 f4 25.Bd2 Qd8 26.Qc7 Qg5 27.Ra1 Rxa1 28.Rxa1 Nf6 29.f3 Nh7 30.Qxb7 Rg8
31.Nc4 Bf8 32.b6 Nf6 33.Qc8 Bd7 34.b7 Be7 35.Qxg8+ Nxg8 36.b8=Q Bxh3 37.Bf1 h5
38.Ra8

[Event "1 Bundesliga 2007/2008"]
[Site "Graz"]
[Date "2008.01.11"]
[Round "5"]
[Board "6"]
[White "Platzgummer, Fabian"]
[Black "Kuthan, Andreas"]
[Result "1/2-1/2"]
[WhiteElo "2174"]
[BlackElo "2237"]
[PlyCount "23"]
[EventDate "2007.11.30"]
[EventType "team"]
[EventRounds "11"]
[EventCountry "AUT"]
[WhiteTeam "Mayrhofen/Zillertal"]
[BlackTeam "ASVOe Pamhagen"]

1.e4 e6 2.d4 d5 3.Nd2 Nf6 4.e5 Nfd7 5.Bd3 c5 6.c3 Nc6 7.Ne2 cxd4 8.cxd4 f6
9.exf6 Nxf6 10.Nf3 Bd6 11.O-O Qc7 12.Bg5

[Event "1 Bundesliga 2007/2008"]
[Site "Graz"]
[Date "2008.01.11"]
[Round "5"]
[Board "1"]
[White "Dizdar, Goran"]
[Black "Horvath, Csaba"]
[Result "1/2-1/2"]
[WhiteElo "2564"]
[BlackElo "2530"]
[PlyCount "47"]
[EventDate "2007.11.30"]
[EventType "team"]
[EventRounds "11"]
[EventCountry "AUT"]
[WhiteTeam "SK Absam"]
[BlackTeam "SC Die Klagenfurter"]

1.d4 d5 2.c4 c6 3.Nf3 Nf6 4.e3 e6 5.Bd3 dxc4 6.Bxc4 Nbd7 7.O-O Bd6 8.b3 e5 9.Bb2
Qe7 10.Nbd2 O-O 11.Qc2 e4 12.Ng5 Bxh2+ 13.Kxh2 Ng4+ 14.Kg1 Qxg5 15.Qxe4 Ndf6
16.Qf4 Qxf4 17.exf4 Nd5 18.Bxd5 cxd5 19.Rfe1 Bd7 20.f3 Nf6 21.Kf2 Rfc8 22.Rac1
Rxc1 23.Rxc1 Rc8 24.Rxc8+

[Event "1 Bundesliga 2007/2008"]
[Site "Graz"]
[Date "2008.01.11"]
[Round "5"]
[Board "3"]
[White "Wegerle, Joerg"]
[Black "Lazarev, Vladimir"]
[Result "1/2-1/2"]
[WhiteElo "2415"]
[BlackElo "2488"]
[PlyCount "20"]
[EventDate "2007.11.30"]
[EventType "team"]
[EventRounds "11"]
[EventCountry "AUT"]
[WhiteTeam "SK Absam"]
[BlackTeam "SC Die Klagenfurter"]

1.e4 c5 2.Nf3 Nc6 3.Bb5 g6 4.O-O Bg7 5.c3 Nf6 6.Qa4 O-O 7.d4 cxd4 8.cxd4 d5 9.e5
Nd7 10.Bxc6 Nb6

[Event "1 Bundesliga 2007/2008"]
[Site "Graz"]
[Date "2008.01.11"]
[Round "5"]
[Board "6"]
[White "Moser, Guenter"]
[Black "Duer, Werner"]
[Result "1/2-1/2"]
[WhiteElo "2354"]
[BlackElo "2272"]
[PlyCount "63"]
[EventDate "2007.11.30"]
[EventType "team"]
[EventRounds "11"]
[EventCountry "AUT"]
[WhiteTeam "SC Die Klagenfurter"]
[BlackTeam "SK Absam"]

1.f4 d5 2.Nf3 g6 3.g3 Bg7 4.d3 Nf6 5.Bg2 O-O 6.O-O c6 7.Nc3 Qb6+ 8.e3 Bg4 9.h3
Bxf3 10.Qxf3 Nbd7 11.d4 Ne8 12.g4 Nd6 13.g5 Nf5 14.Qg4 e6 15.Ne2 h5 16.Qf3 f6
17.gxf6 Bxf6 18.c3 Bh4 19.e4 Nd6 20.Qd3 Qb5 21.Qxb5 Nxb5 22.e5 Nc7 23.Be3 Ne8
24.Bf2 Be7 25.h4 Ng7 26.Kh2 Nf5 27.Kh3 b5 28.a4 a5 29.axb5 cxb5 30.Nc1 Nb6
31.Nd3 Nc4 32.Rg1

[Event "1 Bundesliga 2007/2008"]
[Site "Graz"]
[Date "2008.01.11"]
[Round "5"]
[Board "1"]
[White "Ruck, Robert"]
[Black "Baramidze, David"]
[Result "1/2-1/2"]
[WhiteElo "2572"]
[BlackElo "2582"]
[PlyCount "111"]
[EventDate "2007.11.30"]
[EventType "team"]
[EventRounds "11"]
[EventCountry "AUT"]
[WhiteTeam "ASVOe Wulkaprodersdorf"]
[BlackTeam "SK Hohenems"]

1.Nf3 d5 2.d4 Nf6 3.c4 c6 4.Nc3 e6 5.Bg5 h6 6.Bxf6 Qxf6 7.g3 Nd7 8.Bg2 dxc4
9.O-O e5 10.d5 Nb6 11.Ne4 Qe7 12.dxc6 bxc6 13.Qc2 f5 14.Ned2 e4 15.Nd4 Qd7 16.e3
c5 17.Nxf5 Qxf5 18.Bxe4 Qe6 19.Bxa8 Nxa8 20.Qa4+ Qd7 21.Qxd7+ Bxd7 22.Nxc4 Be7
23.Rfd1 Nb6 24.Nd6+ Bxd6 25.Rxd6 Ke7 26.Rd2 Be6 27.Rc1 Rc8 28.b3 a5 29.e4 a4
30.Rc3 Nd7 31.f4 axb3 32.axb3 Rb8 33.Rdd3 Rb4 34.Re3 Bf7 35.Kg2 Rb5 36.g4 g5
37.Kg3 gxf4+ 38.Kxf4 Nf8 39.Rh3 Ng6+ 40.Ke3 Ne5 41.Kf4 Ng6+ 42.Kg3 Bxb3 43.Rxh6
Ne5 44.Kf4 c4 45.h3 Nd3+ 46.Ke3 Nb4 47.Rh7+ Kf6 48.Rc1 Na2 49.Rf1+ Ke6 50.Rf5
Rxf5 51.exf5+ Kd6 52.f6 c3 53.f7 Ke7 54.f8=Q+ Kxf8 55.Rc7 c2 56.Ke4

[Event "1 Bundesliga 2007/2008"]
[Site "Graz"]
[Date "2008.01.11"]
[Round "5"]
[Board "3"]
[White "Polzin, Rainer"]
[Black "Atlas, Valery"]
[Result "1-0"]
[WhiteElo "2504"]
[BlackElo "2473"]
[PlyCount "109"]
[EventDate "2007.11.30"]
[EventType "team"]
[EventRounds "11"]
[EventCountry "AUT"]
[WhiteTeam "ASVOe Wulkaprodersdorf"]
[BlackTeam "SK Hohenems"]

1.e4 c5 2.Nf3 e6 3.d4 cxd4 4.Nxd4 Nf6 5.Nc3 d6 6.Be2 a6 7.f4 Nbd7 8.O-O b5 9.Bf3
Bb7 10.Qe2 g6 11.e5 Bxf3 12.Qxf3 dxe5 13.fxe5 Nxe5 14.Qxf6 Qxf6 15.Rxf6 Bc5
16.Nce2 Nd7 17.Rf3 e5 18.Re3 O-O 19.Nb3 Bxe3+ 20.Bxe3 f5 21.Rd1 Rf7 22.Nc5 f4
23.Nxd7 fxe3 24.Nxe5 Re7 25.Rd5 Rae8 26.Nf3 Rc7 27.Ned4 Rec8 28.Re5 b4 29.Rxe3
a5 30.Kf2 a4 31.Ke1 Rd7 32.Kd2 g5 33.h3 h6 34.Re6 Kh7 35.Rb6 a3 36.b3 Rg8
37.Rxb4 g4 38.Ne5 gxh3 39.gxh3 Rg2+ 40.Ke3 Re7 41.Ke4 Rg1 42.Ndc6 Reg7 43.Ra4
Rh1 44.Rxa3 Rxh3 45.c4 h5 46.Nd4 Rh1 47.Nf5 Rg2 48.Ra7+ Kg8 49.c5 h4 50.c6 Re1+
51.Kd5 h3 52.c7 Rc2 53.Ne7+ Kf8 54.Nc4 Rd1+ 55.Ke4

[Event "1 Bundesliga 2007/2008"]
[Site "Graz"]
[Date "2008.01.11"]
[Round "5"]
[Board "1"]
[White "Socko, Bartosz"]
[Black "Ragger, Markus"]
[Result "1/2-1/2"]
[WhiteElo "2635"]
[BlackElo "2530"]
[PlyCount "54"]
[EventDate "2007.11.30"]
[EventType "team"]
[EventRounds "11"]
[EventCountry "AUT"]
[WhiteTeam "SK Advisory Invest Baden"]
[BlackTeam "SK KlZtgMPOe Maria Saal"]

1.e4 e5 2.Nf3 Nc6 3.Bb5 a6 4.Bxc6 dxc6 5.O-O Be6 6.Nxe5 Qd4 7.Nf3 Qxe4 8.Ng5 Qf5
9.Nxe6 fxe6 10.d3 O-O-O 11.Nc3 Nf6 12.Qe2 Bc5 13.Bd2 Bd4 14.Rae1 Rhe8 15.Nd1 e5
16.Nc3 Nd5 17.Qe4 g6 18.Qh4 Nf4 19.Bxf4 exf4 20.Qxh7 Bxf2+ 21.Kxf2 Qc5+ 22.Kf3
Re3+ 23.Rxe3 Qxe3+ 24.Kg4 Qe6+ 25.Kf3 Qe3+ 26.Kg4 Qe6+ 27.Kf3 Qe3+

[Event "1 Bundesliga 2007/2008"]
[Site "Graz"]
[Date "2008.01.11"]
[Round "5"]
[Board "4"]
[White "Bunzmann, Dimitrij"]
[Black "Baumegger, Siegfried"]
[Result "1/2-1/2"]
[WhiteElo "2518"]
[BlackElo "2440"]
[PlyCount "131"]
[EventDate "2007.11.30"]
[EventType "team"]
[EventRounds "11"]
[EventCountry "AUT"]
[WhiteTeam "SK KlZtgMPOe Maria Saal"]
[BlackTeam "SK Advisory Invest Baden"]

1.c4 e6 2.d4 Nf6 3.Nf3 d5 4.e3 c5 5.cxd5 exd5 6.Be2 Nc6 7.O-O cxd4 8.Nxd4 Bd6
9.Nc3 O-O 10.Bf3 Be5 11.Qd3 Qd6 12.Ndb5 Qb8 13.g3 Be6 14.Ne2 Bh3 15.Bg2 Bxg2
16.Kxg2 Re8 17.Nbd4 Bxd4 18.Nxd4 Nxd4 19.Qxd4 Re4 20.Qd3 Qe5 21.Bd2 Rc4 22.Bc3
Qe4+ 23.Qxe4 Nxe4 24.Rfd1 Nxc3 25.bxc3 Rxc3 26.Rxd5 g6 27.Rd7 b6 28.Rad1 Rc2
29.a4 Rc4 30.R1d4 Rxd4 31.exd4 Kf8 32.Kf3 Ke8 33.Rc7 Rd8 34.Ke4 Rd7 35.Rc8+ Rd8
36.Rc2 Ke7 37.a5 bxa5 38.Rc5 Rd6 39.Rxa5 a6 40.Ra2 Ke6 41.Ra5 Rb6 42.g4 Kd7
43.g5 Re6+ 44.Kd3 Rb6 45.f4 Ke7 46.Ra3 Kd7 47.Ra2 Ke7 48.Ra5 Kd7 49.Ra4 Ke6
50.Ke4 f5+ 51.gxf6 Kxf6 52.d5 Ke7 53.Ke5 Rf6 54.Rb4 Rf5+ 55.Ke4 Rh5 56.Rb7+ Kd6
57.Rb6+ Kd7 58.Rb2 Kd6 59.Ra2 a5 60.Rxa5 Rxh2 61.Ra6+ Kd7 62.Ke5 Rh5+ 63.Kd4 Rh1
64.Rb6 Ke7 65.Re6+ Kd7 66.Ra6

[Event "1 Bundesliga 2007/2008"]
[Site "Graz"]
[Date "2008.01.12"]
[Round "6"]
[Board "1"]
[White "Horvath, Tamas"]
[Black "Ragger, Markus"]
[Result "0-1"]
[WhiteElo "2430"]
[BlackElo "2530"]
[PlyCount "72"]
[EventDate "2007.11.30"]
[EventType "team"]
[EventRounds "11"]
[EventCountry "AUT"]
[WhiteTeam "RbEJ Gleisdorf"]
[BlackTeam "SK KlZtgMPOe Maria Saal"]

1.e4 e5 2.Nf3 Nc6 3.Bb5 a6 4.Ba4 Nf6 5.O-O Be7 6.Bxc6 dxc6 7.Qe1 Nd7 8.b3 c5
9.Bb2 Bd6 10.Nc3 Nf8 11.Nd5 Ng6 12.d3 Be6 13.Ne3 f6 14.c3 O-O 15.d4 cxd4 16.cxd4
Qe8 17.Kh1 Bd7 18.Nc4 Bb5 19.Qe3 exd4 20.Bxd4 Bf4 21.Qe2 Qe6 22.Rfe1 Rfe8 23.Bb2
c5 24.Nfd2 Rad8 25.Nf1 Bc7 26.Rad1 Nf4 27.Qc2 Rxd1 28.Qxd1 Rd8 29.Qc2 Nd3 30.Re2
Nxb2 31.Qxb2 Rd1 32.Kg1 Qg4 33.f3 Qf4 34.Kf2 Bxc4 35.bxc4 Be5 36.g3 Rxf1+

[Event "1 Bundesliga 2007/2008"]
[Site "Graz"]
[Date "2008.01.12"]
[Round "6"]
[Board "2"]
[White "Pavasovic, Dusko"]
[Black "Meszaros, Tamas"]
[Result "1/2-1/2"]
[WhiteElo "2601"]
[BlackElo "2437"]
[PlyCount "55"]
[EventDate "2007.11.30"]
[EventType "team"]
[EventRounds "11"]
[EventCountry "AUT"]
[WhiteTeam "SK KlZtgMPOe Maria Saal"]
[BlackTeam "RbEJ Gleisdorf"]

1.e4 e5 2.Nf3 Nc6 3.Bc4 Bc5 4.c3 Nf6 5.d4 exd4 6.e5 d5 7.Bb5 Ne4 8.cxd4 Bb6
9.Nc3 O-O 10.Be3 Bg4 11.Qc2 Nxc3 12.bxc3 f6 13.exf6 Qxf6 14.Be2 Bxf3 15.Bxf3 Ne7
16.O-O c6 17.Rae1 Nf5 18.Bg4 Nd6 19.f3 Rae8 20.Bf2 Ba5 21.Rxe8 Rxe8 22.Re1 Rxe1+
23.Bxe1 Qe7 24.Kf1 Nc4 25.Qe2 Kf7 26.Qxe7+ Kxe7 27.Ke2 Bc7 28.Bc8

[Event "1 Bundesliga 2007/2008"]
[Site "Graz"]
[Date "2008.01.12"]
[Round "6"]
[Board "4"]
[White "Bunzmann, Dimitrij"]
[Black "Frosch, Ronald"]
[Result "1-0"]
[WhiteElo "2518"]
[BlackElo "2229"]
[PlyCount "56"]
[EventDate "2007.11.30"]
[EventType "team"]
[EventRounds "11"]
[EventCountry "AUT"]
[WhiteTeam "SK KlZtgMPOe Maria Saal"]
[BlackTeam "RbEJ Gleisdorf"]

1.c4 e5 2.Nc3 Nf6 3.e3 c5 4.Nf3 Nc6 5.d4 cxd4 6.exd4 exd4 7.Nxd4 d5 8.Qa4 Qe7+
9.Be3 Qb4 10.O-O-O Qxa4 11.Nxa4 Be6 12.Nb5 Rc8 13.Bf4 Be7 14.Nac3 d4 15.Nxd4
Nxd4 16.Rxd4 Bc5 17.Rd2 Bb4 18.Rc2 Bf5 19.Re2+ Be6 20.Bd2 O-O 21.b3 Bxc3 22.Bxc3
b5 23.Bxf6 bxc4 24.Be7 cxb3+ 25.Kb2 bxa2 26.Rxe6 fxe6 27.Bxf8 Rxf8 28.f3 Re8

[Event "1 Bundesliga 2007/2008"]
[Site "Graz"]
[Date "2008.01.12"]
[Round "6"]
[Board "5"]
[White "Wanderer, Thomas"]
[Black "Kreisl, Robert"]
[Result "1/2-1/2"]
[WhiteElo "2226"]
[BlackElo "2322"]
[PlyCount "34"]
[EventDate "2007.11.30"]
[EventType "team"]
[EventRounds "11"]
[EventCountry "AUT"]
[WhiteTeam "RbEJ Gleisdorf"]
[BlackTeam "SK KlZtgMPOe Maria Saal"]

1.e4 c5 2.Nc3 Nc6 3.g3 g6 4.Bg2 Bg7 5.d3 d6 6.Be3 e5 7.Qd2 Nge7 8.f4 O-O 9.Nf3
Nd4 10.O-O exf4 11.Bxf4 Nxf3+ 12.Bxf3 Be6 13.Bh6 Nc6 14.Bxg7 Kxg7 15.Ne2 Qb6
16.c3 Rad8 17.Nf4 Ne5

[Event "1 Bundesliga 2007/2008"]
[Site "Graz"]
[Date "2008.01.12"]
[Round "6"]
[Board "6"]
[White "Schachinger, Mario"]
[Black "Perhinig, Robert"]
[Result "1/2-1/2"]
[WhiteElo "2308"]
[BlackElo "2272"]
[PlyCount "84"]
[EventDate "2007.11.30"]
[EventType "team"]
[EventRounds "11"]
[EventCountry "AUT"]
[WhiteTeam "SK KlZtgMPOe Maria Saal"]
[BlackTeam "RbEJ Gleisdorf"]

1.d4 e6 2.c4 Nf6 3.Nc3 Bb4 4.Qc2 O-O 5.Bg5 c5 6.e3 d6 7.Bd3 h6 8.Bh4 Nbd7 9.Nge2
cxd4 10.exd4 d5 11.cxd5 exd5 12.O-O Nb6 13.Qb3 Be7 14.Rac1 Bd7 15.Bxf6 Bxf6
16.Nxd5 Nxd5 17.Qxd5 Bc6 18.Qxd8 Rfxd8 19.Rfd1 Rd6 20.Rd2 Rad8 21.Rcd1 a5 22.a3
Ba4 23.Bc2 Bxc2 24.Rxc2 Bxd4 25.Nxd4 Rxd4 26.Rxd4 Rxd4 27.Kf1 Rd6 28.Ke2 Kf8
29.Rc8+ Ke7 30.Rc7+ Rd7 31.Rc5 b6 32.Rc3 Rd5 33.Rb3 b5 34.Re3+ Kd6 35.b3 Rc5
36.Kd2 Rf5 37.f3 Rd5+ 38.Rd3 Rxd3+ 39.Kxd3 Kd5 40.Ke3 Ke5 41.Kd3 Kd5 42.Ke3 Ke5

[Event "1 Bundesliga 2007/2008"]
[Site "Graz"]
[Date "2008.01.12"]
[Round "6"]
[Board "3"]
[White "Atlas, Valery"]
[Black "Siebrecht, Sebastian"]
[Result "1-0"]
[WhiteElo "2473"]
[BlackElo "2487"]
[PlyCount "77"]
[EventDate "2007.11.30"]
[EventType "team"]
[EventRounds "11"]
[EventCountry "AUT"]
[WhiteTeam "SK Hohenems"]
[BlackTeam "SK Advisory Invest Baden"]

1.e4 g6 2.d4 Bg7 3.Be3 d6 4.Nc3 a6 5.a4 Nd7 6.g3 Ngf6 7.Bg2 O-O 8.Nge2 e5 9.O-O
exd4 10.Nxd4 Re8 11.Nb3 Ne5 12.h3 Nc4 13.Bc1 c6 14.Nd2 Nxd2 15.Bxd2 Be6 16.a5 d5
17.exd5 Nxd5 18.Na4 Qe7 19.c4 Nf6 20.Qb3 Rad8 21.Be3 Bf5 22.Nc5 Bc8 23.Rad1 Qc7
24.Rxd8 Rxd8 25.Bf4 Qe7 26.Qe3 Qf8 27.b4 Nh5 28.Be5 Qe8 29.Re1 Qxe5 30.Qxe5 Bxe5
31.Rxe5 Nf6 32.Re1 Kf8 33.b5 cxb5 34.cxb5 axb5 35.Nxb7 Bxb7 36.Bxb7 Ne8 37.a6
Nd6 38.Rd1 Nxb7 39.Rxd8+

[Event "1 Bundesliga 2007/2008"]
[Site "Graz"]
[Date "2008.01.12"]
[Round "6"]
[Board "4"]
[White "Baumegger, Siegfried"]
[Black "Bezold, Michael"]
[Result "0-1"]
[WhiteElo "2440"]
[BlackElo "2521"]
[PlyCount "96"]
[EventDate "2007.11.30"]
[EventType "team"]
[EventRounds "11"]
[EventCountry "AUT"]
[WhiteTeam "SK Advisory Invest Baden"]
[BlackTeam "SK Hohenems"]

1.d4 Nf6 2.Nf3 e6 3.c4 c5 4.d5 exd5 5.cxd5 Bd6 6.Nc3 Bc7 7.d6 Ba5 8.Bg5 Qb6
9.Bxf6 Qxb2 10.Qc1 Qxc1+ 11.Rxc1 gxf6 12.Nd2 Kd8 13.Nd5 Re8 14.Rxc5 Bxd2+
15.Kxd2 Re6 16.Nc7 Rxd6+ 17.Kc1 Na6 18.Nxa6 b6 19.Rc2 Bxa6 20.e4 Bb7 21.f3 Ke7
22.Bc4 Rc8 23.Re1 Rdc6 24.Bb3 Rxc2+ 25.Bxc2 Ba6 26.Kb2 Rg8 27.g3 Rg5 28.Bb3 Rh5
29.h4 Rc5 30.Re3 Bb7 31.Rd3 Bc6 32.g4 Re5 33.h5 h6 34.Rd2 Rg5 35.Rd3 Rc5 36.Rd2
Bb5 37.a3 Bc4 38.Rc2 Be6 39.Rxc5 bxc5 40.Kc3 Kd6 41.Bxe6 fxe6 42.f4 e5 43.g5 Ke7
44.gxf6+ Kxf6 45.f5 Kg5 46.Kc4 Kxh5 47.Kxc5 Kg5 48.Kd6 Kf6

[Event "1 Bundesliga 2007/2008"]
[Site "Graz"]
[Date "2008.01.12"]
[Round "6"]
[Board "6"]
[White "Loeffler, Stefan"]
[Black "Grabher, Heinz"]
[Result "1-0"]
[WhiteElo "2409"]
[BlackElo "2258"]
[PlyCount "59"]
[EventDate "2007.11.30"]
[EventType "team"]
[EventRounds "11"]
[EventCountry "AUT"]
[WhiteTeam "SK Advisory Invest Baden"]
[BlackTeam "SK Hohenems"]

1.Nf3 Nc6 2.d4 d5 3.e3 Bg4 4.Bb5 a6 5.Bxc6+ bxc6 6.c4 Bxf3 7.Qxf3 Nf6 8.O-O e6
9.Rd1 Be7 10.Nc3 O-O 11.e4 a5 12.Bg5 dxe4 13.Qe2 a4 14.Rac1 Ra5 15.Bxf6 Bxf6
16.Nxe4 Bxd4 17.Qd2 Bxf2+ 18.Nxf2 Qa8 19.Qd7 Qa7 20.Qxc6 Rf5 21.c5 Qa5 22.Rd4 h5
23.Qxa4 Rxc5 24.Qxa5 Rxa5 25.a3 Rb8 26.Nd3 e5 27.Rd7 Rb3 28.Rc4 e4 29.Rxe4 Rf5
30.Rb4

[Event "1 Bundesliga 2007/2008"]
[Site "Graz"]
[Date "2008.01.12"]
[Round "6"]
[Board "1"]
[White "Horvath, Csaba"]
[Black "Ruck, Robert"]
[Result "1/2-1/2"]
[WhiteElo "2530"]
[BlackElo "2572"]
[PlyCount "33"]
[EventDate "2007.11.30"]
[EventType "team"]
[EventRounds "11"]
[EventCountry "AUT"]
[WhiteTeam "SC Die Klagenfurter"]
[BlackTeam "ASVOe Wulkaprodersdorf"]

1.Nf3 Nf6 2.g3 d5 3.Bg2 c6 4.O-O Bf5 5.d3 e6 6.Nbd2 h6 7.b3 Nbd7 8.Bb2 Bh7 9.c4
Be7 10.a3 a5 11.Bc3 O-O 12.b4 dxc4 13.dxc4 axb4 14.axb4 Qc7 15.Qb3 Ne4 16.Nxe4
Bxe4 17.Qb2

[Event "1 Bundesliga 2007/2008"]
[Site "Graz"]
[Date "2008.01.12"]
[Round "6"]
[Board "4"]
[White "Likavsky, Tomas"]
[Black "Genser, Harald"]
[Result "1/2-1/2"]
[WhiteElo "2494"]
[BlackElo "2351"]
[PlyCount "96"]
[EventDate "2007.11.30"]
[EventType "team"]
[EventRounds "11"]
[EventCountry "AUT"]
[WhiteTeam "ASVOe Wulkaprodersdorf"]
[BlackTeam "SC Die Klagenfurter"]

1.d4 Nf6 2.c4 e6 3.g3 d5 4.Bg2 c6 5.Nd2 Be7 6.Ngf3 O-O 7.O-O b6 8.Qc2 Bb7 9.e4
dxe4 10.Nxe4 Nbd7 11.Rd1 Qc8 12.Nxf6+ Nxf6 13.c5 Rd8 14.Bg5 bxc5 15.dxc5 Rd5
16.Bxf6 gxf6 17.b4 a5 18.a3 axb4 19.axb4 Rxa1 20.Rxa1 Ba6 21.Nd2 Rd4 22.Qc3 Rd3
23.Qc1 Rd4 24.Qc3 Rd3 25.Qb2 Rd7 26.Ne4 Kg7 27.Nc3 Bc4 28.Rd1 Rxd1+ 29.Nxd1 Qd7
30.Ne3 Bb5 31.h4 Qd8 32.g4 Kg8 33.Qc3 Bf8 34.Qc2 Bg7 35.Qe4 Qd2 36.Qf4 h6 37.h5
Qe1+ 38.Kh2 e5 39.Qf5 Qxb4 40.Qc8+ Bf8 41.Nf5 Qf4+ 42.Kh3 Be2 43.Ng3 Bf3 44.Bxf3
Qxf3 45.Qd8 Qxf2 46.Nf5 Qf3+ 47.Kh2 Qf2+ 48.Kh3 Qf3+

[Event "1 Bundesliga 2007/2008"]
[Site "Graz"]
[Date "2008.01.12"]
[Round "6"]
[Board "1"]
[White "Lanka, Zigurds"]
[Black "Dizdar, Goran"]
[Result "1/2-1/2"]
[WhiteElo "2475"]
[BlackElo "2564"]
[PlyCount "76"]
[EventDate "2007.11.30"]
[EventType "team"]
[EventRounds "11"]
[EventCountry "AUT"]
[WhiteTeam "Mayrhofen/Zillertal"]
[BlackTeam "SK Absam"]

1.e4 e6 2.d4 d5 3.Nc3 Nf6 4.Bg5 dxe4 5.Nxe4 Be7 6.Bxf6 gxf6 7.Bd3 f5 8.Nc3 Bf6
9.Nge2 Nc6 10.Bb5 Qd6 11.O-O O-O 12.Bxc6 bxc6 13.Qd3 c5 14.Rfd1 Ba6 15.Qe3 cxd4
16.Nxd4 Qb6 17.Na4 Qa5 18.b3 Bb7 19.c4 Rad8 20.Rac1 Qe5 21.Qxe5 Bxe5 22.Ne2 Bc6
23.Nac3 a5 24.Rxd8 Rxd8 25.Rd1 Rxd1+ 26.Nxd1 Kf8 27.f3 Ke7 28.Nf2 Ba1 29.Kf1 e5
30.Ke1 Ke6 31.Kd2 Bb2 32.Nd3 Ba3 33.Ke3 Bf8 34.g3 h5 35.Nc3 Be7 36.a4 f6 37.Nb5
Bxb5 38.axb5 Bf8

[Event "1 Bundesliga 2007/2008"]
[Site "Graz"]
[Date "2008.01.12"]
[Round "6"]
[Board "4"]
[White "Kantorik, Marian"]
[Black "Tabernig, Bernhard"]
[Result "0-1"]
[WhiteElo "2368"]
[BlackElo "2323"]
[PlyCount "68"]
[EventDate "2007.11.30"]
[EventType "team"]
[EventRounds "11"]
[EventCountry "AUT"]
[WhiteTeam "SK Absam"]
[BlackTeam "Mayrhofen/Zillertal"]

1.d4 d5 2.c4 e6 3.Nf3 c6 4.Nc3 dxc4 5.a4 Bb4 6.e3 b5 7.Bd2 a5 8.axb5 Bxc3 9.Bxc3
cxb5 10.b3 Bb7 11.d5 Nf6 12.bxc4 b4 13.Bxf6 Qxf6 14.Qa4+ Nd7 15.Nd4 e5 16.Nb3 e4
17.Rd1 Qc3+ 18.Rd2 O-O 19.Qxd7 a4 20.Nc5 a3 21.Nxe4 Qc1+ 22.Rd1 Qxd1+ 23.Kxd1 a2
24.Bd3 a1=Q+ 25.Ke2 Qxh1 26.Nf6+ Kh8 27.Qf5 g6 28.Qh3 Ra2+ 29.Kf3 Qd1+ 30.Kg3
Kg7 31.Nxh7 Qe1 32.Kf4 Qxf2+ 33.Ke5 Re8+ 34.Kd4 Ra5

[Event "1 Bundesliga 2007/2008"]
[Site "Graz"]
[Date "2008.01.12"]
[Round "6"]
[Board "6"]
[White "Gerhold, Michael"]
[Black "Eberharter, Johann"]
[Result "1-0"]
[WhiteElo "2219"]
[BlackElo "2103"]
[PlyCount "93"]
[EventDate "2007.11.30"]
[EventType "team"]
[EventRounds "11"]
[EventCountry "AUT"]
[WhiteTeam "SK Absam"]
[BlackTeam "Mayrhofen/Zillertal"]

1.Nf3 c5 2.c4 Nf6 3.Nc3 Nc6 4.g3 g6 5.d4 cxd4 6.Nxd4 Bg7 7.Bg2 Nxd4 8.Qxd4 O-O
9.O-O d6 10.Qd3 Ng4 11.b3 Qa5 12.Bd2 Qh5 13.h4 Ne5 14.Qc2 Nc6 15.Be3 Qa5 16.Rac1
Bg4 17.Nd5 e6 18.Nf4 Qc7 19.Qd2 Rfd8 20.f3 Bf5 21.g4 d5 22.cxd5 e5 23.gxf5 exf4
24.Bxf4 Qb6+ 25.Kh1 Ne7 26.e4 gxf5 27.Bh3 Ng6 28.Bc7 Qf6 29.Qg5 Nxh4 30.Qxf6
Bxf6 31.Bxd8 Rxd8 32.Rc7 Be5 33.Rc4 f4 34.Rc8 Rxc8 35.Bxc8 b6 36.Bg4 Kf8 37.Rc1
Ke7 38.Rc6 Ng6 39.Bf5 Bd6 40.Bxg6 fxg6 41.e5 Bb8 42.Kg2 Kd7 43.e6+ Ke7 44.Rc8
Be5 45.Ra8 h5 46.Rxa7+ Ke8 47.Rb7

[Event "1 Bundesliga 2007/2008"]
[Site "Graz"]
[Date "2008.01.12"]
[Round "6"]
[Board "1"]
[White "Ftacnik, Lubomir"]
[Black "Markos, Jan"]
[Result "1/2-1/2"]
[WhiteElo "2542"]
[BlackElo "2565"]
[PlyCount "46"]
[EventDate "2007.11.30"]
[EventType "team"]
[EventRounds "11"]
[EventCountry "AUT"]
[WhiteTeam "Union Ansfelden"]
[BlackTeam "ASVOe Pamhagen"]

1.Nf3 Nf6 2.c4 e6 3.g3 d5 4.Bg2 dxc4 5.Qa4+ c6 6.Qxc4 b5 7.Qc2 Bb7 8.d4 Nbd7
9.a4 a6 10.axb5 cxb5 11.Nbd2 Rc8 12.Qb1 Bb4 13.O-O O-O 14.e4 e5 15.d5 a5 16.b3
Qb6 17.Bh3 h5 18.Ba3 Ng4 19.Bxb4 axb4 20.Qa2 Rc3 21.Qa5 Qc5 22.Qa7 Qc7 23.Qa5
Qc5

[Event "1 Bundesliga 2007/2008"]
[Site "Graz"]
[Date "2008.01.12"]
[Round "6"]
[Board "5"]
[White "Knoll, Hermann"]
[Black "Smolen, Jan"]
[Result "0-1"]
[WhiteElo "2386"]
[BlackElo "2445"]
[PlyCount "82"]
[EventDate "2007.11.30"]
[EventType "team"]
[EventRounds "11"]
[EventCountry "AUT"]
[WhiteTeam "Union Ansfelden"]
[BlackTeam "ASVOe Pamhagen"]

1.d4 d5 2.Nf3 c6 3.c4 e6 4.Nc3 dxc4 5.a4 Bb4 6.g3 c5 7.e3 Nc6 8.Bxc4 Nf6 9.O-O
O-O 10.Na2 cxd4 11.Nxb4 Nxb4 12.exd4 b6 13.Re1 Bb7 14.Ne5 Nc6 15.Nxc6 Bxc6 16.b3
Qd7 17.Bb2 Bd5 18.Qd3 Rac8 19.a5 Bc6 20.axb6 axb6 21.Re5 Nd5 22.Qe2 Bb7 23.Bb5
Qc7 24.Bc4 Rfd8 25.Re1 Qc6 26.f3 Nf6 27.Kg2 h6 28.h3 Nh7 29.Re4 Ra8 30.Qe3 Ng5
31.Rf4 b5 32.Bd3 e5 33.Rf5 exd4 34.Qf2 Rd5 35.Rf4 Qd7 36.g4 Qd6 37.Bc1 Ne6
38.Rfe4 Rc5 39.R4e2 Rc3 40.Be4 Bxe4 41.Rxe4 d3

[Event "1 Bundesliga 2007/2008"]
[Site "Graz"]
[Date "2008.01.12"]
[Round "6"]
[Board "6"]
[White "Kuthan, Andreas"]
[Black "Hellmayr, Alois"]
[Result "1/2-1/2"]
[WhiteElo "2237"]
[BlackElo "2320"]
[PlyCount "33"]
[EventDate "2007.11.30"]
[EventType "team"]
[EventRounds "11"]
[EventCountry "AUT"]
[WhiteTeam "ASVOe Pamhagen"]
[BlackTeam "Union Ansfelden"]

1.e4 c5 2.Nf3 g6 3.c3 d5 4.exd5 Qxd5 5.d4 Bg7 6.Na3 cxd4 7.Bc4 Qd8 8.Qb3 e6
9.Nxd4 Nf6 10.Bf4 Nc6 11.O-O-O Nd5 12.Bxd5 exd5 13.Rhe1+ Kf8 14.Nab5 Nxd4
15.Nxd4 h6 16.Nb5 Qf6 17.Be3

[Event "1 Bundesliga 2007/2008"]
[Site "Graz"]
[Date "2008.01.12"]
[Round "6"]
[Board "4"]
[White "Wittmann, Walter"]
[Black "Kosten, Anthony C"]
[Result "0-1"]
[WhiteElo "2279"]
[BlackElo "2511"]
[PlyCount "104"]
[EventDate "2007.11.30"]
[EventType "team"]
[EventRounds "11"]
[EventCountry "AUT"]
[WhiteTeam "Styria Graz"]
[BlackTeam "Holz Dohr"]

1.e4 e5 2.Nf3 Nc6 3.Bb5 a6 4.Bxc6 dxc6 5.O-O Bd6 6.c3 c5 7.d4 cxd4 8.cxd4 exd4
9.Qa4+ Bd7 10.Qxd4 f6 11.e5 fxe5 12.Re1 Qf6 13.Bg5 Ne7 14.Qh4 Qe6 15.Bxe7 Qxe7
16.Qxe7+ Kxe7 17.Nxe5 Bxe5 18.Rxe5+ Kf6 19.Re3 Bc6 20.Nc3 Rhe8 21.Rae1 Rxe3
22.Rxe3 Rd8 23.f3 Rd2 24.Re2 Rxe2 25.Nxe2 Ke5 26.Kf2 Bb5 27.Nc1 Kd4 28.h4 Bc4
29.g4 b6 30.h5 a5 31.b3 Ba6 32.Ne2+ Bxe2 33.Kxe2 h6 34.a4 Kc3 35.f4 Kd4 36.Kf3
c6 37.g5 Kd5 38.Kg4 Ke6 39.f5+ Kf7 40.f6 gxf6 41.gxh6 b5 42.Kf5 bxa4 43.bxa4 c5
44.Ke4 Kg8 45.Kd5 Kh7 46.Kxc5 Kxh6 47.Kd4 Kxh5 48.Ke3 Kg4 49.Ke4 f5+ 50.Ke3 Kg3
51.Ke2 f4 52.Kf1 Kf3